000 00253nam a22001217a 4500
008 180308b xxu||||| |||| 00| 0 eng d
041 _aeng
080 _a038
100 _a23
101 _aFJA
245 _aThe soviet union
_cBrown,A
942 _2udc
_cBK
999 _c44502
_d44502